000 00570nam a2200205Ia 4500
005 20250505145704.0
008 008 250505s9999 xx 000 0 eng d
037 _aTextbook
040 _aFML
_beng
_cFML
041 _aeng
_2eng
084 _aNRV351 R3
_qFML
100 _aGopal, Shreejayanthi
_9680704
245 0 _aMridangaman Indian Classical Percusion Drum
260 _aNew Delhi , India
_bB.R. Rhythms
_c2023
300 _a120p
365 _aINR
_b950
650 _aMusic
942 _cTB
_hNRV351 R3
999 _c1311433
_d1311433